Ground water exploration and first approximation resource evalution in lower reaches Godavari valley in parts of Karimnagar and Warangal distrits, Andhra pradesh/ (Record no. 902811)

MARC details
000 -LEADER
fixed length control field 01031nam a2200289 a 4500
001 - CONTROL NUMBER
control field vtls001084556
003 - CONTROL NUMBER IDENTIFIER
control field NLI
005 - DATE AND TIME OF LATEST TRANSACTION
control field 20210627123718.0
008 - FIXED-LENGTH DATA ELEMENTS--GENERAL INFORMATION
fixed length control field 120315s1983 ii f000 0 eng
039 #9 - LEVEL OF BIBLIOGRAPHIC CONTROL AND CODING DETAIL [OBSOLETE]
-- 201203151801
-- Entertech_02
040 ## - CATALOGING SOURCE
Original cataloging agency NLI
Language of cataloging eng
Transcribing agency Entertech-2011
Description conventions AACR2
041 0# - LANGUAGE CODE
Language code of text/sound track or separate title eng
044 ## - COUNTRY OF PUBLISHING/PRODUCING ENTITY CODE
MARC country code ii
082 04 - DEWEY DECIMAL CLASSIFICATION NUMBER
Classification number 551.49
100 1# - MAIN ENTRY--PERSONAL NAME
Personal name Veeranna, M.
245 10 - TITLE STATEMENT
Title Ground water exploration and first approximation resource evalution in lower reaches Godavari valley in parts of Karimnagar and Warangal distrits, Andhra pradesh/
Statement of responsibility, etc. M. Veeranna
260 ## - PUBLICATION, DISTRIBUTION, ETC.
Place of publication, distribution, etc. Hyderabad :
Name of publisher, distributor, etc. Govt. Press,
Date of publication, distribution, etc. 1983
300 ## - PHYSICAL DESCRIPTION
Extent Various paging ;
Dimensions 34 cm.
650 #0 - SUBJECT ADDED ENTRY--TOPICAL TERM
Topical term or geographic name entry element Groundwater
Geographic subdivision India
-- Andhra Pradesh
9 (RLIN) 1011715
650 #0 - SUBJECT ADDED ENTRY--TOPICAL TERM
Topical term or geographic name entry element Water resources development
Geographic subdivision India
-- Andhra Pradesh
9 (RLIN) 1011716
710 2# - ADDED ENTRY--CORPORATE NAME
Corporate name or jurisdiction name as entry element Central Ground Water Board
Subordinate unit Ministry of Agriculture and Irrigation
887 ## - NON-MARC INFORMATION FIELD
Content of non-MARC field
901 ## - LOCAL DATA ELEMENT A, LDA (RLIN)
a IOD110860 date
b 14.05.1987
902 ## - LOCAL DATA ELEMENT B, LDB (RLIN)
a GP 551.49(54511) V519g
942 ## - ADDED ENTRY ELEMENTS (KOHA)
Source of classification or shelving scheme Dewey Decimal Classification
Koha item type Books
Holdings
Withdrawn status Lost status Damaged status Not for loan Collection code Home library Current library Shelving location Date acquired Total Checkouts Full call number Date last seen Price effective from Koha item type
        Government Publications National Library of India National Library of India Annexe Reading Room & Stack Division     GP 551.49(54511) V519g 27/06/2021 27/06/2021 Books
                                                                           
web counter

Copyright ©2020 The National Library of India, Govt. of India ↔ Hosted by NVLI, MOC ↔ Technology and Design by National Library of India, Ministry of Culture, Govt. of India